Click the U.S. Cities - Statistics

General Stats
  • This quiz has been taken 255 times
  • The average score is 11 of 18
Answers on the Grid
Answers color-coded by a green-red scale on the quiz's grid according to % correct below.
Vancouver
St Mary
Seattle
Calgary
Havana
Naples
New York City
Paris
Beijing
Tokyo
Detroit
Chicago
Wellington
Taipei
Denver
London
Oxford
Colorado Springs
Henderson
St Petersburg
Florence
Nice
Mexico City
Los Angeles
Kingston
Miami
Houston
Lagos
Bern
Dayton
Toronto
Ottawa
Hamilton
 
Answer Stats
Answer % Correct
New York City
94%
Seattle
94%
Detroit
89%
Chicago
88%
Denver
88%
Miami
86%
Houston
84%
Los Angeles
84%
Colorado Springs
82%
Dayton
75%
Henderson
62%
St Petersburg
52%
St Mary
40%
Hamilton
36%
Naples
28%
Vancouver
22%
Florence
17%
Ottawa
4%
No matching quizzes found
Score Distribution
Percent of People with Each Score
Percentile by Number Answered
Your Score History
You have not taken this quiz